000 00515nam a2200181Ia 4500
003 IN-BaIIA
005 20250729141359.0
008 211028s9999 xx 000 0 eng d
040 _cIIA Library
080 _a(059):52
_bNAU-88
245 4 _aThe astronomical almanac for the year 1988
260 _aWashington
_bU. S. Government Printing Office
_c1987
300 _a[various pagings.]
650 _aAlmanacs
650 _aAstronomy and Astrophysics Thesaurus
650 _aEphemerides
_911078
942 _cBK
_2ddc
999 _c9159
_d9159